Programming 2D games / (Record no. 20304)
[ view plain ]
| 000 -LEADER | |
|---|---|
| fixed length control field | 00913cam a22002771i 4500 |
| 001 - CONTROL NUMBER | |
| control field | 17371539 |
| 003 - CONTROL NUMBER IDENTIFIER | |
| control field | EG-ScBUE |
| 005 - DATE AND TIME OF LATEST TRANSACTION | |
| control field | 20230228030052.0 |
| 008 - FIXED-LENGTH DATA ELEMENTS--GENERAL INFORMATION | |
| fixed length control field | 120702t2012 flua f 001 0 eng d |
| 020 ## - INTERNATIONAL STANDARD BOOK NUMBER | |
| International Standard Book Number | 9781466508682 |
| 040 ## - CATALOGING SOURCE | |
| Original cataloging agency | DLC |
| Language of cataloging | eng |
| Description conventions | rda |
| Transcribing agency | DLC |
| Modifying agency | DLC |
| -- | EG-ScBUE |
| 082 04 - DEWEY DECIMAL CLASSIFICATION NUMBER | |
| Classification number | 794.81526 |
| Item number | KEL |
| Edition number | 22 |
| 100 1# - MAIN ENTRY--PERSONAL NAME | |
| Personal name | Kelly, Charles, |
| Dates associated with a name | 1889-1971, |
| Relator term | author. |
| 9 (RLIN) | 38751 |
| 245 10 - TITLE STATEMENT | |
| Title | Programming 2D games / |
| Statement of responsibility, etc | Charles Kelly. |
| 264 #1 - PUBLICATION, DISTRIBUTION, ETC. (IMPRINT) | |
| Place of publication, distribution, etc | Boca Raton : |
| Name of publisher, distributor, etc | CRC Press / Taylor & Francis Group, |
| Date of publication, distribution, etc | [2012] |
| 264 #4 - PUBLICATION, DISTRIBUTION, ETC. (IMPRINT) | |
| Date of publication, distribution, etc | c2012 |
| 300 ## - PHYSICAL DESCRIPTION | |
| Extent | xii, 425 pages : |
| Other physical details | illustrations ; |
| Dimensions | 24 cm |
| 336 ## - CONTENT TYPE | |
| Source | rdacontent |
| Content type term | text |
| Content type code | txt |
| 337 ## - MEDIA TYPE | |
| Source | rdamedia |
| Media type term | unmediated |
| Media type code | n |
| 338 ## - CARRIER TYPE | |
| Source | rdacarrier |
| Carrier type term | volume |
| Carrier type code | nc |
| 500 ## - GENERAL NOTE | |
| General note | Includes index.<br/> |
| 650 #7 - SUBJECT ADDED ENTRY--TOPICAL TERM | |
| Topical term or geographic name as entry element | Computer games |
| General subdivision | Programming. |
| Source of heading or term | BUEsh |
| 9 (RLIN) | 12480 |
| 653 ## - INDEX TERM--UNCONTROLLED | |
| Resource For college | Informatics and Computer Science |
| Arrived date list | July2015 |
| -- | August2015 |
| -- | November2015 |
| -- | January2016 |
| 655 ## - INDEX TERM--GENRE/FORM | |
| Form subdivision | Reading book |
| 942 ## - ADDED ENTRY ELEMENTS (KOHA) | |
| Source of classification or shelving scheme | Dewey Decimal Classification |
| Call number prefix | 794.81526 KEL |
| Koha item type | Book - Borrowing |
| Withdrawn status | Lost status | Source of classification or shelving scheme | Damaged status | Not for loan | Collection code | Home library | Current library | Shelving location | Date acquired | Source of acquisition | Cost, normal purchase price | Serial Enumeration / chronology | Total Checkouts | Full call number | Barcode | Date last seen | Date checked out | Cost, replacement price | Koha item type | Total Renewals | Price effective from |
|---|---|---|---|---|---|---|---|---|---|---|---|---|---|---|---|---|---|---|---|---|---|
| Dewey Decimal Classification | Baccah | Central Library | Central Library | Second Floor | 08/07/2015 | Purchase | 414.00 | 21782 | 1 | 794.81526 KEL | 000039373 | 15/07/2025 | 24/02/2016 | 517.00 | Book - Borrowing | ||||||
| Dewey Decimal Classification | Baccah | Central Library | Central Library | Second Floor | 13/08/2015 | Purchase | 414.00 | 21782 | 2 | 794.81526 KEL | 000030685 | 15/07/2025 | 02/10/2024 | 517.00 | Book - Borrowing | ||||||
| Dewey Decimal Classification | Baccah | Central Library | Central Library | Second Floor | 13/08/2015 | Purchase | 414.00 | 21782 | 1 | 794.81526 KEL | 000039151 | 13/11/2025 | 27/11/2022 | 517.00 | Book - Borrowing | 1 | |||||
| Dewey Decimal Classification | Baccah | Central Library | Central Library | Second Floor | 07/04/2026 | Purchase | 6290.00 | 40179 | 794.81526 KEL | 000057601 | 07/04/2026 | 7862.50 | Book - Borrowing | 07/04/2026 |